Chk chk boom - Stray Kids - Statistics

General Stats
  • This quiz has been taken 383 times
  • The average score is 169 of 235
Answer Stats
Answer % Correct
Boom
100%
boom
100%
(boom)
100%
chk
98%
I
96%
it
90%
want
88%
you
88%
that
86%
Vamos
85%
a
84%
I'm
83%
know
83%
make
80%
we
79%
my
73%
(my)
73%
My
73%
ra-ta-ta-ta
73%
truck
73%
yeah
70%
Yeah
70%
fly
67%
ride
67%
Hit
63%
like
63%
chaos
62%
Chaos
62%
regular
62%
so
62%
stop
62%
of
61%
this
61%
cannot
60%
catastrophic
60%
shot
60%
the
60%
life
59%
up
59%
hunting
58%
Lobos
58%
do
56%
Filling
56%
I'ma
56%
it's
55%
Sick
55%
trigger
55%
pop
53%
got
52%
pull
52%
loca
50%
bullet
49%
la
49%
strong
49%
take
48%
vida
48%
Just
47%
goes
46%
one
45%
fire
41%
(fire)
41%
goal
41%
by
40%
Cliché
40%
cliché
40%
out
40%
them
40%
down
39%
going
39%
snipe
39%
Shoot
38%
tang
38%
(amigo)
36%
keep
36%
man
34%
changed
31%
goals
30%
not
30%
owner
30%
kneel
29%
good
26%
plan
25%
clear
21%
make it
18%
right
18%
level
14%
No matching quizzes found
Score Distribution
Percent of People with Each Score
Percentile by Number Answered
Your Score History
You have not taken this quiz